00586nam a2200169 i 450000100060000000300090000600500170001500700030003200800410003510000300007624500740010626000440018030000210022485200320024599900170027795201220029449276ES-MaACL20230906161922.0t|030711s1966 sp ||||1| cat d1 aCortés, Gabriel.94085010aPintors i poetes davant el paisatge de Mallorca / cGabrial Cortés. aMallorca : b[s.n.], c1966 (fMiramar) a38 p. ; c19 cm. aES-MaACLjC-31338 bR.61930 c49276d49276 00104070aATENEOMbATENEOMcDEPO2d2008-01-17eSCl0oC-31338p1051854r2023-02-23 00:00:00w2023-02-23yMONOGRAFIA